History of the Surrealist movement / (Record no. 550)

000 -LEADER
fixed length control field 01541cam a2200325 a 4500
001 - CONTROL NUMBER
control field 12446639
003 - CONTROL NUMBER IDENTIFIER
control field OSt
005 - DATE AND TIME OF LATEST TRANSACTION
control field 20140116120831.0
008 - FIXED-LENGTH DATA ELEMENTS--GENERAL INFORMATION
fixed length control field 010620s2002 ilua b 001 0 eng
010 ## - LIBRARY OF CONGRESS CONTROL NUMBER
LC control number 2001037743
020 ## - INTERNATIONAL STANDARD BOOK NUMBER
International Standard Book Number 9780226174129
040 ## - CATALOGING SOURCE
Transcribing agency DLC
Modifying agency DLC
041 1# - LANGUAGE CODE
Language code of text/sound track or separate title eng
Language code of original and/or intermediate translations of text fre
042 ## - AUTHENTICATION CODE
Authentication code pcc
050 00 - LIBRARY OF CONGRESS CALL NUMBER
Classification number NX456.5.S8 2002
100 1# - MAIN ENTRY--PERSONAL NAME
Personal name Durozoi, Gérard.
245 10 - TITLE STATEMENT
Title History of the Surrealist movement /
Statement of responsibility, etc Gérard Durozoi .
260 ## - PUBLICATION, DISTRIBUTION, ETC. (IMPRINT)
Place of publication, distribution, etc Chicago :
Name of publisher, distributor, etc University of Chicago Press,
Date of publication, distribution, etc 2002.
300 ## - PHYSICAL DESCRIPTION
Extent 805 p. :
Other physical details ill. (some col.)
504 ## - BIBLIOGRAPHY, ETC. NOTE
Bibliography, etc Includes bibliographical references and indexes.
505 ## - FORMATTED CONTENTS NOTE
Formatted contents note 1919-1924 get ready for some exploitations-- 1924-1929 Salvation for us is nowhere-- 1929-1937 elephants are contagious-- 1938-1944 during the sordid years-- 1944-1951 freedom my only pirate-- 1951-1959 commitment that ignoble world-- 1959-1969 ideas cracking with image
650 #0 - SUBJECT ADDED ENTRY--TOPICAL TERM
Topical term or geographic name as entry element Surrealism
General subdivision History.
650 #0 - SUBJECT ADDED ENTRY--TOPICAL TERM
Topical term or geographic name as entry element Arts, Modern
Chronological subdivision 20th century.
856 42 - ELECTRONIC LOCATION AND ACCESS
Materials specified Publisher description
Uniform Resource Identifier <a href="http://www.loc.gov/catdir/description/uchi051/2001037743.html">http://www.loc.gov/catdir/description/uchi051/2001037743.html</a>
856 42 - ELECTRONIC LOCATION AND ACCESS
Materials specified Contributor biographical information
Uniform Resource Identifier <a href="http://www.loc.gov/catdir/bios/uchi051/2001037743.html">http://www.loc.gov/catdir/bios/uchi051/2001037743.html</a>
856 41 - ELECTRONIC LOCATION AND ACCESS
Materials specified Table of contents
Uniform Resource Identifier <a href="http://www.loc.gov/catdir/toc/uchi051/2001037743.html">http://www.loc.gov/catdir/toc/uchi051/2001037743.html</a>
906 ## - LOCAL DATA ELEMENT F, LDF (RLIN)
a 7
b cbc
c orignew
d 1
e ocip
f 20
g y-gencatlg
942 ## - ADDED ENTRY ELEMENTS (KOHA)
Source of classification or shelving scheme
Koha item type Book
Holdings
Withdrawn status Lost status Source of classification or shelving scheme Damaged status Not for loan Home library Current library Date acquired Source of acquisition Total Checkouts Full call number Barcode Date last seen Copy number Price effective from Koha item type Date checked out
          Riara University Library Riara University Library 24/10/2011 Purchase   NX456.5.S8 2002 2306/11 24/10/2011 C.1 24/10/2011 Book  
          Riara University Library Riara University Library 24/10/2011 Purchase   NX456.5.S8 2002 2305/11 24/10/2011 C.2 24/10/2011 Book  
          Riara University Library Riara University Library 24/10/2011 Purchase 1 NX456.5.S8 2002 2304/11 22/10/2015 C.3 24/10/2011 Book 07/10/2015

Riara University Library,
P.O. Box 49940-00100,
Nairobi, Kenya.